| 000 | 00815nam a2200229 a 4500 | ||
|---|---|---|---|
| 005 | 20221116063433.0 | ||
| 008 | 160811s2012 mx r 000 0 spa d | ||
| 020 | _a9786074015324 (MAP) | ||
| 020 | _a9786077771494 (UAEM) | ||
| 035 | _aUPN01000212240 | ||
| 049 | _aCG | ||
| 050 | 4 |
_aHF5548.85 _bA3.6 |
|
| 245 | 0 | 0 |
_aAgotamiento profesional y estrés : _bhallazgos desde México y otros países latinoamericanos / _ccoord. Fernando Arias Galicia. |
| 260 |
_aMéxico : _bMiguel Angel Porrúa : _bUniversidad Autónoma del Estado de Morelos, _c2012. |
||
| 300 |
_a582 p. : _bil., gráfs., cuadros |
||
| 440 | 0 | _aPsicología de la salud | |
| 650 | 2 |
_aEstrés laboral _913133 |
|
| 650 | 2 |
_aSíndrome de Burnout _919292 |
|
| 700 | 1 |
_aArias Galicia, L. Fernando _ecoord. _928747 |
|
| 905 | _aLibro | ||
| 999 |
_c184340 _d184340 |
||